000 00496nam a2200181Ia 4500
005 20250508152528.0
008 008 250505s9999 xx 000 0 eng d
037 _aTextual
040 _aFEDL
_beng
_cFEDL
041 _aeng
_2eng
084 _a954.01, RAM
_qFEDL
100 _aRam Gopal
245 0 _aIndia of vedic kalpasutras
260 _aDelhi, India
_bNational Publishing House
_c1959
300 _axvi,504p
942 _cTEXL
_h954.01, RAM
999 _c1337033
_d1337033